Teoría del estado / (Registro nro. 41896)
[ vista simple ]
| 000 -LEADER | |
|---|---|
| fixed length control field | 01348cam a2200313 i 4500 |
| 001 - CONTROL NUMBER | |
| control field | 41896 |
| 003 - CONTROL NUMBER IDENTIFIER | |
| control field | Mx-PuUPA |
| 005 - DATE AND TIME OF LATEST TRANSACTION | |
| control field | 20260429144007.0 |
| 008 - FIXED-LENGTH DATA ELEMENTS--GENERAL INFORMATION | |
| fixed length control field | 140415s2021 mx g 001 0 spa d |
| 020 ## - INTERNATIONAL STANDARD BOOK NUMBER | |
| International Standard Book Number | 9786070910005 |
| 040 ## - CATALOGING SOURCE | |
| Original cataloging agency | Mx-PuUPA |
| Language of cataloging | spa |
| Transcribing agency | Mx-PuUPA |
| Modifying agency | Mx-PuUPA |
| Description conventions | rda |
| 041 0# - LANGUAGE CODE | |
| Language code of text/sound track or separate title | spa |
| 100 1# - MAIN ENTRY--PERSONAL NAME | |
| Personal name | Serra Rojas, Andrés, |
| Dates associated with a name | 1907-2001 |
| 9 (RLIN) | 4474 |
| Relator term | autor |
| 245 10 - TITLE STATEMENT | |
| Title | Teoría del estado / |
| Statement of responsibility, etc. | Andrés Serra Rojas ; la revisión y ampliación de esta obra se llevó a cabo con la colaboración del licenciado Andrés Serra Rojas Beltri, profesor adjunto en la Facultad de Derecho de la Universidad Nacional Autónoma de México |
| 250 ## - EDITION STATEMENT | |
| Edition statement | Vigésima edición |
| 264 #1 - PRODUCTION, PUBLICATION, DISTRIBUTION, MANUFACTURE, AND COPYRIGHT NOTICE | |
| Place of production, publication, distribution, manufacture | Ciudad de México : |
| Name of producer, publisher, distributor, manufacturer | Editorial Porrúa, |
| Date of production, publication, distribution, manufacture, or copyright notice | ©2021 |
| 300 ## - PHYSICAL DESCRIPTION | |
| Extent | xxvii, 849 páginas ; |
| Dimensions | 24 cm |
| 336 ## - CONTENT TYPE | |
| Fuente | rdacontent |
| Content type term | texto |
| Content type code | txt |
| 337 ## - MEDIA TYPE | |
| Source | rdamedia |
| Media type term | sin medio |
| Media type code | n |
| 338 ## - CARRIER TYPE | |
| Source | rdacarrier |
| Carrier type term | volumen |
| Carrier type code | nc |
| 500 ## - GENERAL NOTE | |
| General note | "De acuerdo con los programas de estudios de la Licenciatura en Derecho de la Facultad de Derecho de la Universidad Nacional Autónoma de México".--Portada |
| 650 #7 - SUBJECT ADDED ENTRY--TOPICAL TERM | |
| Source of heading or term | armarc |
| Topical term or geographic name entry element | Estado |
| 650 #7 - SUBJECT ADDED ENTRY--TOPICAL TERM | |
| Source of heading or term | armarc |
| Topical term or geographic name entry element | Ciencias políticas |
| 650 #7 - SUBJECT ADDED ENTRY--TOPICAL TERM | |
| Source of heading or term | armarc |
| Topical term or geographic name entry element | Estado |
| Form subdivision | Sinopsis, extractos, etc. |
| 700 1# - ADDED ENTRY--PERSONAL NAME | |
| Personal name | Serra Rojas Beltri, Andrés, |
| Relator term | editor |
| 942 ## - ADDED ENTRY ELEMENTS (KOHA) | |
| Source of classification or shelving scheme | Dewey Decimal Classification |
| Koha item type | Libro |
| Classification part | 320.1 |
| Item part | S48 |
| Withdrawn status | Lost status | Source of classification or shelving scheme | Damaged status | Not for loan | Collection code | Home library | Current library | Shelving location | Date acquired | Total Checkouts | Full call number | Barcode | Date last seen | Price effective from | Koha item type |
|---|---|---|---|---|---|---|---|---|---|---|---|---|---|---|---|
| Dewey Decimal Classification | General | Tehuacán | Tehuacán | Sala general | 29/04/2026 | 320.1 S48 2021 | 968000003170 | 29/04/2026 | 29/04/2026 | Libro |